000 00590nam a2200181Ia 4500
005 20260120124525.0
008 008 260114s9999 xx 000 0 eng d
020 _a9781786355980
037 _aEBOOK
040 _aCRL
_beng
_cCRL
041 _aeng
_2eng
084 _qCRL
245 4 _aThe Coercive Community College: Bullying and its Costly Impact on the Mission to Serve Underrepresented Populations
260 _bEmerald Publishing
_c2016
856 _uhttps://www.emerald.com/insight/publication/doi/10.1108/S1479-3644201618
942 _cEBOOK
999 _c1499169
_d1499169